Canzoni Di Sfera Ebbasta - Statistics

Statistiche generali
  • Questo quiz è stato fatto 203 volte
  • Il punteggio medio è 44 su 133
Statistiche sulle risposte
Album Anno Artista Principale Feat Risposta % Corretto
Rockstar 2018 Sfera Ebbasta Quavo Cupido
67%
Rockstar (International Version) 2018 Sfera Ebbasta Cupido
67%
Rockstar (Popstar Edition 2018 Sfera Ebbasta Quavo, Khea & Duki, Elettra Lamborghini Cupido
67%
Rockstar 2018 Sfera Ebbasta Rockstar
65%
Rockstar (International Version) 2018 Sfera Ebbasta Rockstar
65%
XDVR Reloaded 2015 Sfera Ebbasta XDVR
65%
- 2017 Sfera Ebbasta Tran Tran
63%
Rockstar 2018 Sfera Ebbasta Tran Tran
63%
Rockstar (International Version) 2018 Sfera Ebbasta Lary Over Tran Tran
63%
Rockstar 2018 Sfera Ebbasta DrefGold Sciroppo
58%
Rockstar (International Version) 2018 Sfera Ebbasta DrefGold Sciroppo
58%
Sfera Ebbasta 2016 Sfera Ebbasta Visiera A Becco
57%
X2VR 2023 Sfera Ebbasta Marracash 15 Piani
56%
Rockstar 2018 Sfera Ebbasta Serpenti A Sonagli
54%
Rockstar (International Version) 2018 Sfera Ebbasta Serpenti A Sonagli
54%
Rockstar (Popstar Edition 2018 Sfera Ebbasta Lacrim Serpenti A Sonagli
54%
X2VR 2023 Sfera Ebbasta Elodie Anche Stasera
53%
Santana Money Gang 2025 Shiva, Sfera Ebbasta Neon
53%
Sfera Ebbasta 2016 Sfera Ebbasta BRNBQ
52%
XDVR Reloaded 2015 Sfera Ebbasta Ciny
52%
X2VR 2023 Sfera Ebbasta Geolier, Simba La Rue, Baby Gang Calcolatrici
51%
Famoso 2021 Sfera Ebbasta Famoso
49%
Famoso 2021 Sfera Ebbasta J Balvin Baby
48%
XDVR Reloaded 2015 Sfera Ebbasta Panette
48%
Famoso 2021 Sfera Ebbasta Marracash, Gue Tik Tok
48%
Famoso 2021 Sfera Ebbasta Marracash, Gue, Paky, Geolier Tik Tok
48%
XDVR Reloaded 2015 Sfera Ebbasta Tedua, Izi Mercedes Nero
47%
- 2020 Shablo, Geolier, Sfera Ebbasta M'Manc
47%
X2VR 2023 Sfera Ebbasta Lazza, Shiva G63
44%
Rockstar (Popstar Edition 2018 Sfera Ebbasta Happy Birthday
44%
Sfera Ebbasta 2016 Sfera Ebbasta Notti
44%
- 2020 Sfera Ebbasta Bottiglie Privè
42%
Famoso 2021 Sfera Ebbasta Bottiglie Privè
42%
Rockstar 2018 Sfera Ebbasta Uber
42%
Rockstar (International Version) 2018 Sfera Ebbasta Miami Yacine Uber
42%
X2VR 2023 Sfera Ebbasta Anna Ciao Bella
41%
- 2018 Charlie Charles Sfera Ebbasta, Ghali Peace & Love
41%
Sfera Ebbasta 2016 SCH Sfera Ebbasta Cartine Cartier
40%
- 2023 Finesse Shiva, Sfera Ebbasta, Gue Gelosa
40%
- 2021 Blanco, Sfera Ebbasta Mi Fai Impazzire
40%
Rockstar 2018 Sfera Ebbasta Ricchi X Sempre
40%
Rockstar (International Version) 2018 Sfera Ebbasta Ricchi X Sempre
40%
Rockstar 2018 Sfera Ebbasta Bancomat
38%
Rockstar (International Version) 2018 Sfera Ebbasta Tinie Tempah Bancomat
38%
Sfera Ebbasta 2016 Sfera Ebbasta Figli Di Papà
38%
X2VR 2023 Sfera Ebbasta Gue Gol
38%
- 2022 Sfera Ebbasta Mamma Mia
37%
Italiano 2022 Sfera Ebbasta Mamma Mia
37%
Santana Money Gang 2025 Shiva, Sfera Ebbasta SNTMNG
37%
X2VR 2023 Sfera Ebbasta Paky Complicato
36%
Sfera Ebbasta 2016 Sfera Ebbasta Bang Bang
35%
- 2018 Sfera Ebbasta Pablo
35%
Rockstar (Popstar Edition 2018 Sfera Ebbasta Pablo
35%
Rockstar 2018 Sfera Ebbasta 20 Collane
34%
Rockstar (International Version) 2018 Sfera Ebbasta Rich The Kid 20 Collane
34%
X2VR 2023 Sfera Ebbasta ThaSup, Tony Effe 3uphon
33%
Famoso 2021 Sfera Ebbasta Quavo Hollywood
33%
Rockstar 2018 Sfera Ebbasta Leggenda
33%
Rockstar (International Version) 2018 Sfera Ebbasta Leggenda
33%
Santana Money Gang 2025 Shiva, Sfera Ebbasta MNGSNT
33%
- 2023 Sfera Ebbasta Luciano Orange
33%
- 2019 Shiva, Sfera Ebbasta Soldi in Nero
33%
X2VR 2023 Sfera Ebbasta VDLC
33%
Santana Money Gang 2025 Shiva, Sfera Ebbasta VVS Cartier
33%
Rockstar 2018 Sfera Ebbasta XNX
33%
Rockstar (International Version) 2018 Sfera Ebbasta XNX
33%
Rockstar (Popstar Edition 2018 Sfera Ebbasta XNX
33%
Famoso 2021 Sfera Ebbasta Future Abracadabra
32%
- 2019 Sfera Ebbasta Mademoiselle
32%
Sfera Ebbasta 2016 Sfera Ebbasta BHMG
31%
XDVR Reloaded 2015 Sfera Ebbasta Luche, Marracash XDVRMX
31%
X2VR 2023 Sfera Ebbasta Tedua Momenti No
30%
Rockstar (Popstar Edition) 2018 Sfera Ebbasta Popstar
30%
- 2022 ThaSup, Sfera Ebbasta, Lazza s!r!
30%
- 2021 Madame Sfera Ebbasta Tu Mi Hai Capito
30%
XDVR Reloaded 2015 Sfera Ebbasta Marshmallow
29%
Santana Money Gang 2025 Shiva, Sfera Ebbasta Molecole Sprite
29%
Santana Money Gang 2025 Shiva, Sfera Ebbasta Non Metterci Becco
29%
Santana Money Gang 2025 Shiva, Sfera Ebbasta D&G
28%
- 2020 Mahmood, Sfera Ebbasta, Feid Dorado
28%
X2VR 2023 Sfera Ebbasta Fragile
28%
Famoso 2021 Sfera Ebbasta Male
28%
Santana Money Gang 2025 Shiva, Sfera Ebbasta Maybach
28%
XDVR Reloaded 2015 Sfera Ebbasta No Champagne
28%
Santana Money Gang 2025 Shiva, Sfera Ebbasta Paranoia
28%
Famoso 2021 Sfera Ebbasta Giovani Re
27%
Famoso 2021 Sfera Ebbasta Offset Macarena
27%
Santana Money Gang 2025 Shiva, Sfera Ebbasta Sei Persa
27%
XDVR Reloaded 2015 Sfera Ebbasta Brutti Sogni
26%
Sfera Ebbasta 2016 Sfera Ebbasta Equilibrio
26%
- 2022 Kaleb Di Masi Sfera Ebbasta, RVFV, Omar Varela Hace Calor
26%
- 2022 Sfera Ebbasta Italiano Anthem
25%
Italiano 2022 Sfera Ebbasta Italiano Anthem
25%
Santana Money Gang 2025 Shiva, Sfera Ebbasta Come Se Non Fossi Nei Guai
24%
XDVR Reloaded 2015 Sfera Ebbasta Rapina
24%
XDVR Reloaded 2015 Sfera Ebbasta Trap Kings
24%
X2VR 2023 Sfera Ebbasta Milano Bene
23%
- 2023 AriBeatz Ozuna, Sfera Ebbasta, GIMS Mirage
23%
Santana Money Gang 2025 Shiva, Sfera Ebbasta Over (Demo)
23%
Famoso 2021 Sfera Ebbasta UHLALA
23%
Sfera Ebbasta 2016 Sfera Ebbasta SCH Balenciaga
22%
Sfera Ebbasta 2016 Sfera Ebbasta No No
22%
Famoso 2021 Sfera Ebbasta 6AM
20%
Famoso 2021 Sfera Ebbasta $€ Freestyle
20%
- 2017 Sfera Ebbasta Dexter
19%
Italiano 2022 Sfera Ebbasta Fivio Foreign Easy
19%
- 2018 Kalash Sfera Ebbasta Mwaka Moon
19%
- 2015 Sfera Ebbasta OGNT
19%
Famoso 2021 Sfera Ebbasta Feid Triste
19%
XDVR Reloaded 2015 Sfera Ebbasta Tutti Scemi
19%
Italiano 2022 Sfera Ebbasta BIa X6
19%
XDVR Reloaded 2015 Sfera Ebbasta Zero
19%
Famoso 2021 Sfera Ebbasta Lil Mosey Gangang
18%
Famoso 2021 Sfera Ebbasta Gelosi
18%
Sfera Ebbasta 2016 Sfera Ebbasta Quello Che Non Va
17%
Famoso 2021 Sfera Ebbasta 7ari, Steve Aoki Salam Alaikum
17%
XDVR Reloaded 2015 Sfera Ebbasta SG4M1
17%
- 2024 SCH Sfera Ebbasta Soldi Famiglia
17%
- 2023 Noisy, Sfera Ebbasta Location
15%
Rockstar (Popstar Edition 2018 Sfera Ebbasta Uh Ah Hey
15%
- 2023 RVFV, Sfera Ebbasta, Annita Capitan
14%
- 2020 Ronny J Sfera Ebbasta, Duki Miami
14%
XDVR Reloaded 2015 Sfera Ebbasta Te Lo Do
14%
- 2016 Sfera Ebbasta Blunt & Sprite
13%
Italiano 2022 Sfera Ebbasta Myke Towers Sola
12%
- 2020 Coyote Jo Bastard Sfera Ebbasta Hoodboy
11%
- 2021 Lous and The Yakuza, Sfera Ebbasta Je Ne Sais Pas
11%
- 2022 Sfera Ebbasta, Booba Telephone
10%
- 2024 Gims, Sfera Ebbasta Mamacita
9%
- 2017 Quebonafide Sfera Ebbasta Hypebae
8%
- 2018 J Balvin, G Easy, Sfera Ebbasta Anitta, MC Fiori, DuKI, Jeon Machika
7%
- 2024 Gordo, Draxx Sfera Ebbasta No No No
6%
- 2018 Hypno Carlito, Sfera Ebbasta Fuckn It Up
3%
Nessun quiz corrispondente trovato
Distribuzione punteggi
Percentuale di utenti per punteggio
Percentile per numero di risposta
I tuoi punteggi nel tempo
Non hai fatto questo quiz